| 000 | 00992nam0a2200313 4500 | ||
|---|---|---|---|
| 001 | RU\NLR\b_ik\151679 | ||
| 005 | 20260408235359.0 | ||
| 010 |
_a5-902920-02-7 _91500 |
||
| 035 | _a(NLR Aleph) 002224741 | ||
| 090 |
_a3347017 _c3347017 |
||
| 100 | _a20060928d2005 |||y0rusy50 ca | ||
| 101 | 0 |
_aeng _drus |
|
| 102 | _aRU | ||
| 105 | _aa ||||||||| | ||
| 200 | 1 |
_aThe new Koran _fPeter Raymond Horabin |
|
| 210 |
_aMoscow _cS.n. _dcop. 2005 |
||
| 215 |
_a156 с. _cил. _d21 |
||
| 300 | _aВ вып.дан.: Новый Коран / Хорабин П.Р. | ||
| 300 | _aРез. на рус. яз | ||
| 500 |
_8eng _aKoran _7ba _3RU\NLR\AUTH\559772 _92631773 |
||
| 517 | 0 | _aНовый Коран | |
| 601 | 0 | 2 |
_aЦерковь Господа Иисуса Христа _92092863 _3RU\NLR\AUTH\661266583 |
| 686 | 2 | _aЭ378.151 | |
| 700 | 1 |
_aHorabin _bP. R. _gPeter Raymond _4070 |
|
| 801 | 0 |
_aRU _bNLR _c20060928 _gPSBO |
|
| 942 | _cBOOK | ||
| 980 | _aNB | ||